[Event "Novokuznetsk SFO-ch U15"]
[Site "Novokuznetsk"]
[Date "2014.11.10"]
[Round "9"]
[White "Petukhov, Georgiy"]
[Black "Tomin, Anton"]
[Result "0-1"]
[WhiteElo "800"]
[BlackElo "800"]
[PlyCount "68"]
[EventDate "2014.11.02"]
[EventType "swiss"]
[EventRounds "9"]
[EventCountry "RUS"]
[SourceTitle "CBM 163 Extra"]
[Source "ChessBase"]
[SourceDate "2014.12.23"]
[SourceVersion "1"]
[SourceVersionDate "2014.12.23"]
[SourceQuality "1"]

1. d4 d5 2. c4 e6 3. Nc3 c5 4. e3 Nf6 5. Nf3 Be7 6. Bd3 dxc4 7. Bxc4 0-0 8. 0-0 Nc6 9. Bd3 a6 10. dxc5 Bxc5 11. Ne4 Nxe4 12. Bxe4 Qc7 13. a3 h6 14. Qc2 Bd6 15. b4 f5 16. Bxc6 bxc6 17. Bb2 e5 18. Rac1 Bb7 19. Nd2 Qe7 20. Nc4 Bc7 21. f4 exf4 22. exf4 c5 23. Kh1 Be4 24. Qf2 cxb4 25. axb4 Rfd8 26. Qg3 Rd3 27. Qe1 Rb8 28. Be5 Bxe5 29. Nxe5 Rd6 30. Ra1 Qb7 31. Qe2 Qxb4 32. Rfd1 Rxd1+ 33. Qxd1 Qb2 34. Qf1 Bxg2+ 0-1

[Event "Novokuznetsk SFO-ch U15"]
[Site "Novokuznetsk"]
[Date "2014.11.09"]
[Round "8"]
[White "Tomin, Anton"]
[Black "Lozhnikov, Konstantin"]
[Result "1-0"]
[WhiteElo "800"]
[BlackElo "1695"]
[PlyCount "36"]
[EventDate "2014.11.02"]
[EventType "swiss"]
[EventRounds "9"]
[EventCountry "RUS"]
[SourceTitle "CBM 163 Extra"]
[Source "ChessBase"]
[SourceDate "2014.12.23"]
[SourceVersion "1"]
[SourceVersionDate "2014.12.23"]
[SourceQuality "1"]

1. e4 e5 2. Nf3 Nc6 3. Bc4 Be7 4. d4 exd4 5. Nxd4 Nf6 6. Nc3 Bb4 7. Nxc6 Bxc3+ 8. bxc3 dxc6 9. Qxd8+ Kxd8 10. Bg5 Ke7 11. e5 Re8 12. exf6+ gxf6 13. Be3 f5 14. 0-0 Be6 15. Bb3 Red8 16. Rad1 a6 17. Bf4 Rxd1 18. Bxe6 fxe6 1-0

[Event "Novokuznetsk SFO-ch U15"]
[Site "Novokuznetsk"]
[Date "2014.11.08"]
[Round "7"]
[White "Churakov, Danil"]
[Black "Tomin, Anton"]
[Result "1-0"]
[WhiteElo "1571"]
[BlackElo "800"]
[PlyCount "145"]
[EventDate "2014.11.02"]
[EventType "swiss"]
[EventRounds "9"]
[EventCountry "RUS"]
[SourceTitle "CBM 163 Extra"]
[Source "ChessBase"]
[SourceDate "2014.12.23"]
[SourceVersion "1"]
[SourceVersionDate "2014.12.23"]
[SourceQuality "1"]

1. e4 e5 2. Nc3 Nf6 3. Bc4 Nxe4 4. Qh5 Nd6 5. Qxe5+ Qe7 6. Qxe7+ Bxe7 7. Bb3 c6 8. Nf3 0-0 9. 0-0 Nf5 10. Re1 Bf6 11. d3 d5 12. Bg5 Bxg5 13. Nxg5 h6 14. Nf3 Be6 15. h3 Nd7 16. Ne2 Nc5 17. Ned4 Nxd4 18. Nxd4 Rfe8 19. Nxe6 Nxe6 20. c3 Nf4 21. Bc2 c5 22. Kf1 b6 23. h4 Rac8 24. g3 Ne6 25. Bb3 c4 26. dxc4 dxc4 27. Bc2 Rcd8 28. Rad1 b5 29. Bf5 Rxd1 30. Rxd1 Kf8 31. Rd5 Nc7 32. Rc5 Re7 33. a4 a6 34. Bc8 Ke8 35. Rc6 bxa4 36. Bxa6 Nxa6 37. Rxa6 Rb7 38. Rxa4 Rxb2 39. Rxc4 Rc2 40. Ke1 h5 41. f3 Rg2 42. g4 hxg4 43. fxg4 g6 44. Kf1 Rh2 45. g5 Rh3 46. Ke2 Rh2+ 47. Kd3 Rh3+ 48. Kc2 Kd7 49. Rf4 Ke6 50. Rd4 Ke7 51. Kb3 Ke6 52. Kb4 Ke5 53. Rg4 Kf5 54. Rc4 Ke6 55. Ka4 Kd5 56. Kb3 Ke6 57. Rf4 Ke7 58. Kc4 Ke6 59. Kd4 Rh1 60. c4 Rd1+ 61. Kc5 Rd2 62. Kc6 Re2 63. c5 Rc2 64. Kb6 Rb2+ 65. Kc7 Rc2 66. c6 Rc3 67. Kb7 Rb3+ 68. Kc8 Rc3 69. c7 Ke7 70. Rb4 Kd6 71. Rb6+ Ke7 72. Kb8 Kd7 73. Rb7 1-0

[Event "Novokuznetsk SFO-ch U15"]
[Site "Novokuznetsk"]
[Date "2014.11.04"]
[Round "3"]
[White "Tomin, Anton"]
[Black "Karelov, Pavel"]
[Result "0-1"]
[WhiteElo "800"]
[BlackElo "1857"]
[PlyCount "98"]
[EventDate "2014.11.02"]
[EventType "swiss"]
[EventRounds "9"]
[EventCountry "RUS"]
[SourceTitle "CBM 163 Extra"]
[Source "ChessBase"]
[SourceDate "2014.12.23"]
[SourceVersion "1"]
[SourceVersionDate "2014.12.23"]
[SourceQuality "1"]

1. e4 c5 2. Nf3 Nc6 3. Nc3 g6 4. d4 cxd4 5. Nxd4 Bg7 6. Nb3 Nf6 7. Be2 d6 8. Bg5 Be6 9. 0-0 0-0 10. Re1 Na5 11. Bf1 Nxb3 12. axb3 a6 13. Nd5 h6 14. Nxf6+ exf6 15. Bf4 d5 16. exd5 Qxd5 17. Qxd5 Bxd5 18. Re7 f5 19. c3 b5 20. b4 Be6 21. Rb7 g5 22. Be3 f4 23. Bb6 Rfc8 24. Bd3 Bd5 25. Re7 Rc6 26. Ba5 Re6 27. Rxe6 fxe6 28. Bb6 Kf7 29. f3 Ke7 30. Kf2 Kd7 31. Bc5 Kc6 32. Be4 Bxe4 33. fxe4 a5 34. Rd1 Be5 35. Kf3 a4 36. Ra1 Rd8 37. Ke2 g4 38. Rf1 h5 39. Be7 Ra8 40. Ra1 Ra7 41. Bc5 Rf7 42. Rf1 f3+ 43. gxf3 Rxf3 44. Rxf3 gxf3+ 45. Kxf3 Bxh2 46. Kg2 Bf4 47. c4 bxc4 48. Bd4 Bd2 49. Bc5 Kb5 0-1